| 000 | 00392nam a2200145Ia 4500 | ||
|---|---|---|---|
| 008 | 231129s2003||||xx |||||||||||||| ||spa|| | ||
| 020 | _a958-9401-71-6 | ||
| 040 | _bspa | ||
| 082 | _a796.357 F293re | ||
| 100 | _aFederación Colombiana de Béisbol | ||
| 245 | 0 | _aReglas oficiales de béisbol | |
| 260 | _c2003 | ||
| 264 | _aKinesis | ||
| 942 |
_2ddc _cBKS |
||
| 999 |
_c23894 _d23894 |
||